000 00551nam a2200205Ia 4500
008 170918s9999 xx 000 0 und d
020 _a9780545694704
050 _bP639 1999
100 _aPilkey, Dav
245 _aCaptain underpants :
245 _band the invasion of the incredibly naughty cafeteria ladies from outer space /
245 _cby Dav Pilkey.
260 _aNew York :
260 _bScholastic,
260 _c1999
300 _a132 pages :
300 _billustrations ;
300 _c19cm.
300 _eCaptain underpants.
999 _c343769
_d343769